000 00663nam a2200205Ii 4500
003 JO-AjNU
008 230605s9999||||xx |||||||||||||| ||und||
017 _a2007/12/3691
040 _aJO-AjNU
_bara
_erda
_cJO-AjNU
041 _aara
050 1 4 _aN72.S46.A23 2007
100 3 _aأبو زريق، محمد,
_eauthor
_949568
245 0 0 _aتحولات الصورة في الفن
264 3 1 _aعمان: وزارة الثقافة، 2007
300 _a150ص
336 _atext
_btxt
_2rdacontent
337 _aunmediated
_bn
_2rdamedia
338 _avolume
_bnc
_2rdacarrier
650 4 _aالفنون التشكيلية-الفن-الأردن-فن-نقد
_949569
999 _aA21779
_c25347
_d25347